| 000 | 00475nam a2200169Ia 4500 | ||
|---|---|---|---|
| 003 | LK-CoDNM | ||
| 008 | 010623t1927 xxu||||| |||| 00| 1 sin d | ||
| 040 |
_aLK-CoDNM _dLK-CoDNM _eLK-CoDNM |
||
| 041 | _asin | ||
| 080 | _a104 C 10 | ||
| 100 |
_aSangaraja Thero,Saranankara _eed. |
||
| 245 | _aචතුරාය සත් විභාගය | ||
| 246 | _aChaturaarya Sathya Vibhaagaya | ||
| 260 |
_bVidyarta Prakasa _aColombo _c1927 |
||
| 300 | _b44p, 21 cm | ||
| 942 | _cBK | ||
| 999 |
_c94017 _d94017 |
||